000 01298nam a22002297a 4500
005 20241206163736.0
010 _aB-760788-797 07/24,CHHN B-761385
020 _c695.00
_a9789392696558
035 _aB-760788-797
035 _aB-761385
037 _bइन्द्रप्रस्थ प्रकाशन
037 _bउपहार
082 _a
100 _aगर्ग, भैरूंलाल
_974830
245 _aमेरी प्रिय बाल कहानियाँ /
_cभैरूंलाल गर्ग,
260 _a दिल्ली
_bइन्द्रप्रस्थ प्रकाशन
_c2023
270 _aके-71, कृष्णा नगर
_bदिल्ली
_e110 051
300 _a215पृ.
_c22 सेमी (सजिल्द)
_bसचित्र
942 _2ddc
_cCH
_mगर्गभैं
_h
999 _c205706
_d205706